Analýza nezamestnanosti v okrese Trenčín

Sociálny a ekonomický dosah nezamestnanosti v jednotlivých regiónoch Slovenskej republiky. Analýza nezamestnanosti v okrese Trenčín v období rokov 2000 2004. Problém vytvárania adekvátneho počtu nových pracovných miest.

Gespeichert in:
Bibliographische Detailangaben
1. Verfasser: Petrušová, Dagmar
Format: Buchkapitel
Sprache:Slowakisch
Schlagworte:
Tags: Tag hinzufügen
Keine Tags, Fügen Sie das erste Tag hinzu!

MARC

LEADER 00000naa$a2200000$$$4500
001 0031426
005 20231106081935.8
041 0 |a slo 
044 |a SK 
245 1 0 |a Analýza nezamestnanosti v okrese Trenčín  |c Dagmar Petrušová 
520 |a Sociálny a ekonomický dosah nezamestnanosti v jednotlivých regiónoch Slovenskej republiky. Analýza nezamestnanosti v okrese Trenčín v období rokov 2000 2004. Problém vytvárania adekvátneho počtu nových pracovných miest. 
610 2 0 |a nezamestnanosť 
610 2 0 |a trh práce 
610 2 0 |a regióny 
610 2 0 |a Slovensko 
610 2 0 |a politika zamestnanosti 
610 2 0 |a zamestnanie 
610 2 0 |a vzdelanie 
100 1 |a Petrušová, Dagmar